Substance of tags at shimla meteorological office (Record no. 1380)
[ view plain ]
| 000 -LEADER | |
|---|---|
| fixed length control field | 00452nam a2200157Ia 4500 |
| 003 - CONTROL NUMBER IDENTIFIER | |
| control field | IN-BaIIA |
| 008 - FIXED-LENGTH DATA ELEMENTS--GENERAL INFORMATION | |
| fixed length control field | 211028s9999 xx 000 0 eng d |
| 040 ## - CATALOGING SOURCE | |
| Transcribing agency | IIA Library |
| 080 ## - UNIVERSAL DECIMAL CLASSIFICATION NUMBER | |
| Universal Decimal Classification number | 551.5 |
| Item number | NOR |
| 100 ## - MAIN ENTRY--PERSONAL NAME | |
| Personal name | Norman |
| 9 (RLIN) | 2840 |
| 245 #0 - TITLE STATEMENT | |
| Title | Substance of tags at shimla meteorological office |
| Statement of responsibility, etc. | Norman |
| 260 ## - PUBLICATION, DISTRIBUTION, ETC. | |
| Date of publication, distribution, etc. | 1927 |
| 650 ## - SUBJECT ADDED ENTRY--TOPICAL TERM | |
| Topical term or geographic name entry element | Meteorological centre |
| 9 (RLIN) | 2841 |
| 650 ## - SUBJECT ADDED ENTRY--TOPICAL TERM | |
| Topical term or geographic name entry element | Shimla |
| 9 (RLIN) | 2842 |
| 942 ## - ADDED ENTRY ELEMENTS (KOHA) | |
| Koha item type | Books |
| Withdrawn status | Lost status | Damaged status | Not for loan | Home library | Current library | Shelving location | Date acquired | Total Checkouts | Full call number | Barcode | Date last seen | Price effective from | Koha item type |
|---|---|---|---|---|---|---|---|---|---|---|---|---|---|
| IIA Library-Bangalore | IIA Library-Kodaikanal | General Stacks | 551.5/ NOR | 1459 | 05/11/2021 | Books |